000 00597nam a2200181 i 4500
001 37453
003 ES-MaACL
005 20251014063104.0
007 t|
008 030221s1970 sp ||||1| spa d
100 1 _aCabal, Fermín,
_d1923-
_933060
245 1 3 _aEl procedimiento administrativo y sus formularios...
_b: organización administrativa y tramitaciones con sus correspondientes formularios /
_cFermín Cabal.
250 _a9ª ed.
260 _a[Madrid] :
_bCabal,
_c1970.
300 _a2 v. ;
_c21 cm.
852 _aES-MaACL
_jG-9580-81
_bR.74438
999 _c37453
_d37453